All Fortnite Emotes - Statistics

General Stats
  • This quiz has been taken 1,366 times
  • The average score is 6 of 22
Answer Stats
Rarity Answer % Correct
Rare Floss
68%
Rare Take the L
50%
Epic Electro Shuffle
46%
Epic Fresh
45%
Rare Best Mates
39%
Rare Dab
39%
Uncommon Wave
38%
Rare Worm
38%
Rare Ride the Pony
35%
Epic Robot
34%
Uncommon Slow Clap
27%
Uncommon Salute
24%
Epic Reanimated
18%
Rare Flippin Sexy
15%
Uncommon Finger Guns
14%
Rare Flapper
13%
Uncommon Make it rain
13%
Uncommon Gun Show
11%
Rare Pure Salt
8%
Uncommon True Love
7%
Rare Kiss Kiss
6%
Epic Brekin
4%
No matching quizzes found
Score Distribution
Percent of People with Each Score
Percentile by Number Answered
Your Score History
You have not taken this quiz